| 000 | 00906nam a2200217 a 4500 | ||
|---|---|---|---|
| 001 | 57714 | ||
| 005 | 20180714054018.0 | ||
| 008 | 140415s1991 mx 000 0 spa d | ||
| 020 | _a9700502449 | ||
| 041 | _aspa | ||
| 082 |
_a320.97203 _bARN |
||
| 100 | 1 | _aARNOLD, LINDA | |
| 245 | 1 | 0 | _aBUROCRACIA Y BUROCRATAS EN MÉXICO, 1742-1835 |
| 250 | _a1a ed. | ||
| 260 |
_aMEXICO : _bGRIJALBO, _c1991 |
||
| 300 |
_a420 _c13.5 x 2 x 21 |
||
| 490 | _aLOS NOVENTA | ||
| 520 | _aENTRE EL FIN DE LA COLONIA Y LOS INICIOS COMO NACION, LAS BUROCRACIAS NOVOHISPANA Y LUEGO LA NACIONAL CUMPLIERON SIEMPRE UN ACTIVO PAPEL EN LAS ETAPAS DE ESTABILIDAD Y REVOLUCION POLITICAS QUE MARCARON EL PERIODO. EXAMINAR ESTE PROTAGONISMO ES EL PROPOSITO DEL LIBRO DE LINDA ARNOLD | ||
| 650 | 1 | 4 |
_aPOLITICA _xBUROCRACIA _xMEXICO _xHISTORIA _xMEXICO _xHISTORIA _xVIRREINATO _x1535 _x1821 |
| 700 | 1 |
_aPALOS, ENRIQUE _etr. |
|
| 999 |
_c57714 _d57714 |
||